00478nam a2200157Ia 4500008004000000082001300040100001700053245003400070260003100104300001300135650001400148690001200162906001100174999001700185952011800202210210b1969 xxu||||| |||| 00| 0 eng d a591 NIGP aNIGAM (H C). aPrinciples of modern zoology. aDelhibS. Nagin & Coc1969 a362,viii aZoology  aZoology a027220 c78516d78516 001040708BiologyaALbALcBiologyd2021-02-17g10.00l0o591 NIGPp027220r2021-02-17 00:00:00w2021-02-17yBK